000 00575nam a2200205Ia 4500
003 BUBTL
008 151213s9999 xx 000 0 und d
020 _a0-900739-94-0
082 _a677KLT
100 _aKlein,Werner
_91613
245 _a Manual of Textile Technology : A Practical Guide to Ring Spinning
_c/ Werner Klein
250 _a2nd ed.
260 _aU K :
_bThe Textile Institute,
_cc1987.
300 _a50 p. :
_bill. ;
_c28 cm.
650 _aTextile
650 _aTextile
856 _k0
_l0
_yDownload
942 _2ddc
_cBK
999 _c4083
_d4083